Estatísticas para Del Piero

Clique aqui para jogar o quiz

Estatísticas Gerais

  • Esse quiz foi jogado 17 vezes
  • A pontuação média é 2 de 5

Estatísticas das Respostas

AnosClubes% Correto
1993-2012Juventus
100%
(Seleção)1995-2008Itália
88%
2012-2014Sydney FC
24%
2014Odisha
18%
1991-1993Padova
18%

Distribuição das Pontuações

Percentil de Números Respondidos

Porcentagem de Pessoas com Cada Pontuação

Sua Pontuação Histórica

Você não jogou esse quiz